000 01021nac a22002897a 4500
001 BR8007624
003 BR-BrBNA
005 20240105114846.0
008 230509b bl.|||m| |||| 00| 0 por d
040 _aBR-BrBNA
_bpor
_cBiblioteca Nacional de Agricultura
072 _aC20; E14
090 _aC20 BR8007624
110 1 _aEmpresa de Assistencia Tecnica e Extensao Rural do Estado do Piaui, Teresina (Brasil)
_94045
245 1 _aPrograma de assistencia tecnica e extensao rural do estado do Piaui. PROATER 1981
260 3 _aTeresina, PI (Brasil):
_c1980.
300 _a79 p.
490 _aPrograma de Assistencia Tecnica e Extensao Rural - Empresa de Assistencia Tecnica e Extensao Rural do Estado do Piaui (Brazil)
_v
_x
650 _aEXTENSAO RURAL
650 _aDESENVOLVIMENTO RURAL
650 _aCREDITO RURAL
650 _aFINANCIAMENTO
650 _aPRODUCAO VEGETAL
650 _aPRODUCAO ANIMAL
650 _aPIAUI
909 _a202312
_bLúcia Elande
_c55
_dLúcia Elande
942 _2AGRIS
_n0
_cMS
999 _c271716
_d271716